Groups - Korea 1983

Salvato in:
Dettagli Bibliografici
Autori principali: Kim, A. C (Autore), Neumann, B. H (Autore)
Natura: Libro
Lingua:inglese
Pubblicazione: Berlín Springer-Verlag 1984
Serie:Lecture Notes in Mathematics, 1098
Soggetti:
Tags: Aggiungi Tag
Nessun Tag, puoi essere il primo ad aggiungerne!!

MARC

LEADER 00000nam a2200000 a 4500
001 UCP1651
003 CL-VaPUC
008 990416e19840000GW |||||||||||||||||eng|d
082 0 4 |a 512.2  |b KIM  |2 21 
100 0 |a Kim, A. C  |e author  |9 427826 
700 0 |a Neumann, B. H  |e author  |9 427827 
245 1 0 |a Groups - Korea 1983 
300 |a 183 p 
942 |c BK 
945 |d 19990416 00:00:00  |a crobeson 
260 |a Berlín  |b Springer-Verlag  |c 1984 
650 0 |a Teoría de grupos   |9 270028 
650 7 |a COMBINATORIA  |2 CL-VaPUC  |9 392344 
650 7 |a ISOMORFISMO  |2 CL-VaPUC  |9 417405 
650 0 |a Automorfismo  |9 427838 
583 |a last modification  |c 19990416 00:00:00  |k Rodrigo Vera 
490 0 |a Lecture Notes in Mathematics, 1098 
999 |c 280315  |d 280313 
952 |0 0  |1 0  |4 0  |6 512_200000000000000_KIM_1984  |7 0  |8 A  |9 320566  |a BIBMAT  |b BIBMAT  |d 2019-11-20  |i 134384K  |o 512.2 KIM 1984  |p 134384K  |r 2025-01-07  |w 2019-11-20  |y BK  |k MAT